[Event "BL2-Nord 2122"]
[Site "Germany"]
[Date "2022.03.06"]
[Round "2.8"]
[White "Rudolf, Henrik"]
[Black "Freyberg, Dominic"]
[Result "0-1"]
[WhiteElo "2278"]
[BlackElo "2115"]
[PlyCount "72"]
[EventDate "2022.03.05"]
[EventType "team-tourn"]
[EventRounds "10"]
[EventCountry "GER"]
[SourceTitle "EXT 2023"]
[Source "ChessBase"]
[SourceDate "2022.10.05"]
[SourceVersion "1"]
[SourceVersionDate "2022.10.05"]
[SourceQuality "1"]
[WhiteTeam "Berlin SF II"]
[BlackTeam "Berlin Rotation"]
[WhiteTeamCountry "GER"]
[BlackTeamCountry "GER"]

1. e4 d5 2. exd5 Qxd5 3. Nc3 Qa5 4. d4 c6 5. Bc4 Bf5 6. Nge2 Nf6 7. 0-0 e6 8. Ng3 Bg4 9. f3 Bh5 10. Qe2 Be7 11. Bd2 Qd8 12. Nxh5 Nxh5 13. f4 Nf6 14. Rad1 0-0 15. Bc1 Nbd7 16. f5 exf5 17. Rxf5 Nb6 18. Bb3 Qd7 19. Qf3 Rad8 20. Ne4 Nbd5 21. Nxf6+ Nxf6 22. c3 Nd5 23. Rf1 Bd6 24. Qf2 Rde8 25. c4 Nf6 26. Rxf6 gxf6 27. c5 Bc7 28. Qxf6 Bd8 29. Qf4 Kg7 30. d5 cxd5 31. Qd4+ f6 32. Bxd5 Re5 33. Rd1 Rfe8 34. Qc4 Re1+ 35. Rxe1 Rxe1+ 36. Kf2 Rxc1 0-1

[Event "Rostock SSC op 16th"]
[Site "Rostock"]
[Date "2017.07.26"]
[Round "1"]
[White "Popp, Michael"]
[Black "Freyberg, Dominic"]
[Result "1-0"]
[WhiteElo "1759"]
[BlackElo "2163"]
[PlyCount "67"]
[EventDate "2017.07.26"]
[EventType "swiss"]
[EventRounds "7"]
[EventCountry "GER"]
[SourceTitle "EXT 2018"]
[Source "ChessBase"]
[SourceDate "2017.10.13"]
[SourceVersion "1"]
[SourceVersionDate "2017.10.13"]
[SourceQuality "1"]

1. e4 d5 2. exd5 Nf6 3. Nc3 Nxd5 4. Bc4 Nb6 5. Bb3 Nc6 6. Nge2 Bg4 7. h3 Bh5 8. 0-0 e6 9. Qe1 Bd6 10. d3 a5 11. a3 0-0 12. Be3 Nd7 13. Ne4 Be5 14. c3 Nf6 15. Nxf6+ Bxf6 16. Nf4 Bg6 17. Nxg6 hxg6 18. Qe2 a4 19. Bc2 Qd5 20. d4 b5 21. Bf4 Qd7 22. Bd3 Na7 23. Rad1 c6 24. Qf3 Nc8 25. Bxb5 cxb5 26. Qxa8 g5 27. Be5 Be7 28. d5 Nb6 29. Qc6 Qxc6 30. dxc6 Nc4 31. Rd7 Re8 32. Bg3 Nxb2 33. c7 Kf8 34. Rb1 1-0

[Event "Oberliga Nord O 1314"]
[Site "Germany"]
[Date "2014.02.09"]
[Round "6.8"]
[White "Woll, Wilfried"]
[Black "Freyberg, Dominic"]
[Result "1/2-1/2"]
[WhiteElo "103"]
[BlackElo "168"]
[PlyCount "20"]
[EventDate "2013.10.13"]
[EventType "team-tourn"]
[EventRounds "9"]
[EventCountry "GER"]
[SourceTitle "EXT 2015"]
[Source "ChessBase"]
[SourceDate "2014.11.20"]
[SourceVersion "1"]
[SourceVersionDate "2014.11.20"]
[SourceQuality "1"]
[WhiteTeam "Greifswald"]
[BlackTeam "Pankow Rotation"]
[WhiteTeamCountry "GER"]
[BlackTeamCountry "GER"]

1. c4 Nf6 2. g3 g6 3. Nc3 Bg7 4. Bg2 0-0 5. e4 d6 6. Nge2 Nbd7 7. 0-0 e5 8. d3 Ne8 9. Be3 f5 10. Qd2 h5 1/2-1/2

[Event "Rostock SSC 07 op 10th"]
[Site "Rostock"]
[Date "2011.08.05"]
[Round "4"]
[White "Leisner, Hannes"]
[Black "Freyberg, Dominic"]
[Result "1-0"]
[WhiteElo "2187"]
[BlackElo "2186"]
[PlyCount "69"]
[EventDate "2011.08.03"]
[EventType "swiss"]
[EventRounds "7"]
[EventCountry "GER"]
[SourceTitle "EXT 2017"]
[Source "ChessBase"]
[SourceDate "2016.10.25"]
[SourceVersion "1"]
[SourceVersionDate "2016.10.25"]
[SourceQuality "1"]

1. e4 d5 2. exd5 Qxd5 3. Nc3 Qa5 4. d4 c6 5. Nf3 Bf5 6. Bc4 e6 7. Ne5 Nf6 8. g4 Bg6 9. h4 Nbd7 10. Nxd7 Nxd7 11. h5 Be4 12. Rh3 Bd5 13. Be2 0-0-0 14. Bd2 Qc7 15. Bg5 f6 16. Bh4 Nb6 17. g5 Be7 18. Qd2 e5 19. gxf6 gxf6 20. Nxd5 Rxd5 21. Rd3 Nc4 22. Qc3 Nd6 23. dxe5 Rxe5 24. Bg3 Rxe2+ 25. Kxe2 Qd7 26. Qd4 Qe6+ 27. Re3 Nf5 28. Qf4 Nxg3+ 29. fxg3 Qf7 30. g4 Rd8 31. Qe4 Bd6 32. Qe6+ Qxe6 33. Rxe6 Be5 34. Re7 Rg8 35. Kf3 1-0

[Event "BL2-Ost 0809"]
[Site "Germany"]
[Date "2009.03.29"]
[Round "9.7"]
[White "Freyberg, Dominic"]
[Black "Pfeiffer, Alfred"]
[Result "1/2-1/2"]
[WhiteElo "2165"]
[BlackElo "2105"]
[PlyCount "70"]
[EventDate "2008.10.05"]
[EventType "team-tourn"]
[EventRounds "9"]
[EventCountry "GER"]
[SourceTitle "CBM 129 Extra"]
[Source "ChessBase"]
[SourceDate "2009.05.05"]
[SourceVersion "2"]
[SourceVersionDate "2009.05.20"]
[SourceQuality "1"]
[WhiteTeam "Pankow Rotation"]
[BlackTeam "Chemnitz"]
[WhiteTeamCountry "GER"]
[BlackTeamCountry "GER"]

1. e4 e5 2. d4 exd4 3. c3 d3 4. Bxd3 Nc6 5. f4 d6 6. Nf3 g6 7. 0-0 Bg7 8. Qe1 Nge7 9. f5 Ne5 10. Nxe5 Bxe5 11. f6 Ng8 12. Bg5 h6 13. Bh4 g5 14. Bg3 Be6 15. Bxe5 dxe5 16. Qg3 h5 17. Bb5+ c6 18. Qxg5 Qb6+ 19. Rf2 Qxb5 20. Qg7 0-0-0 21. Na3 Qb6 22. Qxh8 Ne7 23. Qxh5 Rd2 24. Qf3 Ng6 25. Kf1 Qxb2 26. Rxd2 Qxa1+ 27. Kf2 Nf4 28. Qe3 b6 29. Nc2 Qh1 30. Qg3 Qc1 31. Qe3 Qh1 32. Ne1 Qxh2 33. Qg3 Nh3+ 34. Kf3 Ng1+ 35. Kf2 Nh3+ 1/2-1/2

[Event "Stare Mesto op"]
[Site "Stare Mesto"]
[Date "2008.08.13"]
[Round "7"]
[White "Mrazek, Lumir"]
[Black "Freyberg, Dominic"]
[Result "0-1"]
[WhiteElo "2016"]
[BlackElo "2159"]
[PlyCount "46"]
[EventDate "2008.08.08"]
[EventType "swiss"]
[EventRounds "10"]
[EventCountry "CZE"]
[SourceTitle "CBM 125 Extra"]
[Source "ChessBase"]
[SourceDate "2008.09.01"]
[SourceVersion "1"]
[SourceVersionDate "2008.09.01"]
[SourceQuality "1"]

1. e4 c5 2. Nc3 e6 3. f4 Nc6 4. Nf3 Nge7 5. Bb5 a6 6. Bxc6 Nxc6 7. 0-0 Be7 8. d3 0-0 9. Qe1 d5 10. Qg3 f5 11. Kh1 Nb4 12. Qf2 b5 13. a3 Nc6 14. exd5 exd5 15. d4 cxd4 16. Nxd4 Nxd4 17. Qxd4 Bb7 18. Be3 Bf6 19. Qb4 Rc8 20. Bc5 Re8 21. Rad1 Qd7 22. Rfe1 Rxe1+ 23. Rxe1 d4 0-1

[Event "Stare Mesto op"]
[Site "Stare Mesto"]
[Date "2008.08.11"]
[Round "5"]
[White "Walek, Pavel"]
[Black "Freyberg, Dominic"]
[Result "1/2-1/2"]
[WhiteElo "1920"]
[BlackElo "2159"]
[PlyCount "92"]
[EventDate "2008.08.08"]
[EventType "swiss"]
[EventRounds "10"]
[EventCountry "CZE"]
[SourceTitle "CBM 125 Extra"]
[Source "ChessBase"]
[SourceDate "2008.09.01"]
[SourceVersion "1"]
[SourceVersionDate "2008.09.01"]
[SourceQuality "1"]

1. e4 c5 2. Nf3 Nc6 3. d4 cxd4 4. Nxd4 Nf6 5. Nc3 a6 6. a3 d6 7. Be2 g6 8. Be3 Bd7 9. f3 Rc8 10. Qd2 b5 11. 0-0 Bg7 12. Nxc6 Bxc6 13. Bh6 0-0 14. Bxg7 Kxg7 15. Rad1 Qb6+ 16. Kh1 Rc7 17. Rfe1 Rfc8 18. Bd3 a5 19. Ne2 b4 20. axb4 axb4 21. Ra1 Nd7 22. Rec1 Nc5 23. h3 Bd7 24. Kh2 Na4 25. b3 Nc3 26. Nxc3 Rxc3 27. Ra6 Qd4 28. Ra5 Be6 29. Rb1 Rxc2 30. Qxc2 Rxc2 31. Bxc2 Qc3 32. Ra2 d5 33. exd5 Bxd5 34. Bd1 Qd3 35. Bc2 Qe2 36. Kg1 Kh6 37. Rab2 Kg5 38. Bd1 Qe1+ 39. Kh2 Kh4 40. Be2 Qg3+ 41. Kh1 f5 42. Bc4 Bc6 43. Re2 e5 44. Rbe1 e4 45. fxe4 Bxe4 46. Rxe4+ fxe4 1/2-1/2

[Event "Stare Mesto op"]
[Site "Stare Mesto"]
[Date "2008.08.10"]
[Round "3"]
[White "Klima, Lukas"]
[Black "Freyberg, Dominic"]
[Result "1-0"]
[WhiteElo "2439"]
[BlackElo "2159"]
[PlyCount "91"]
[EventDate "2008.08.08"]
[EventType "swiss"]
[EventRounds "10"]
[EventCountry "CZE"]
[SourceTitle "CBM 125 Extra"]
[Source "ChessBase"]
[SourceDate "2008.09.01"]
[SourceVersion "1"]
[SourceVersionDate "2008.09.01"]
[SourceQuality "1"]

1. d4 d5 2. Nf3 Nf6 3. c4 c6 4. Nc3 e6 5. Bg5 Be7 6. e3 Nbd7 7. Qc2 0-0 8. Rd1 b6 9. Bd3 h6 10. Bh4 Bb7 11. 0-0 Rc8 12. Qe2 c5 13. dxc5 Nxc5 14. Bb1 Ba6 15. Ne5 Ncd7 16. Nxd7 Nxd7 17. Qc2 g6 18. cxd5 exd5 19. Bxe7 Qxe7 20. Rfe1 Nf6 21. Qa4 Qb7 22. Qd4 Kg7 23. h3 Rc4 24. Qd2 Ne4 25. Bxe4 dxe4 26. b3 Rcc8 27. Qd4+ f6 28. Nxe4 Rcd8 29. Nd6 Qc6 30. e4 Kh7 31. Rd2 Rd7 32. f4 Rfd8 33. e5 fxe5 34. fxe5 Re7 35. Qf2 Qc5 36. Qxc5 bxc5 37. Rd5 Kg8 38. Nf5 Red7 39. Rxd7 Rxd7 40. e6 Rd2 41. Nxh6+ Kg7 42. Ng4 Bb5 43. Re5 Rxa2 44. Rxc5 a6 45. Rc7+ Kf8 46. Rf7+ 1-0

[Event "Stare Mesto op"]
[Site "Stare Mesto"]
[Date "2005.08.20"]
[Round "10"]
[White "Freyberg, Dominic"]
[Black "Folk, Petr"]
[Result "1-0"]
[WhiteElo "2151"]
[BlackElo "2246"]
[PlyCount "93"]
[EventDate "2005.08.12"]
[EventType "swiss"]
[EventRounds "9"]
[EventCountry "CZE"]
[SourceTitle "EXT 2006"]
[Source "ChessBase"]
[SourceDate "2005.11.24"]
[SourceVersion "1"]
[SourceVersionDate "2005.11.24"]
[SourceQuality "1"]

1. e4 c5 2. Nc3 Nc6 3. f4 e6 4. Nf3 a6 5. a4 d5 6. d3 Nf6 7. Bd2 d4 8. Ne2 Be7 9. g3 b6 10. Bg2 Bb7 11. 0-0 0-0 12. Ne1 Nd7 13. g4 f5 14. Ng3 fxe4 15. Nxe4 Qc7 16. g5 Rae8 17. Qh5 Bd6 18. Nxd6 Qxd6 19. Be4 g6 20. Bxg6 Re7 21. Be4 Rg7 22. Ng2 Nd8 23. Rae1 b5 24. Bxb7 Nxb7 25. Qe2 Nd8 26. Ba5 Nc6 27. Bd2 Nd8 28. h4 bxa4 29. Qe4 Nb6 30. Ba5 Rf5 31. h5 Rgf7 32. Bxb6 Qxb6 33. Nh4 Rd5 34. f5 Qd6 35. Qg2 Rb7 36. g6 h6 37. Rf3 Rxb2 38. Qd2 Re5 39. Rxe5 Qxe5 40. f6 Rb1+ 41. Kg2 Nf7 42. gxf7+ Kxf7 43. Qf4 Qxf4 44. Rxf4 a3 45. Ng6 a2 46. Ne5+ Kf8 47. f7 1-0

[Event "Stare Mesto op"]
[Site "Stare Mesto"]
[Date "2005.08.19"]
[Round "9"]
[White "Kantorik, Marian"]
[Black "Freyberg, Dominic"]
[Result "0-1"]
[WhiteElo "2342"]
[BlackElo "2151"]
[PlyCount "74"]
[EventDate "2005.08.12"]
[EventType "swiss"]
[EventRounds "9"]
[EventCountry "CZE"]
[SourceTitle "EXT 2006"]
[Source "ChessBase"]
[SourceDate "2005.11.24"]
[SourceVersion "1"]
[SourceVersionDate "2005.11.24"]
[SourceQuality "1"]

1. d4 d5 2. c4 c6 3. Nf3 e6 4. Nc3 f5 5. Bf4 Nf6 6. e3 Be7 7. Bd3 0-0 8. Qc2 Ne4 9. g4 Bh4 10. Nxh4 Qxh4 11. Rg1 Nxc3 12. bxc3 fxg4 13. 0-0-0 Nd7 14. Rg3 e5 15. dxe5 Nc5 16. Rgg1 Nxd3+ 17. Qxd3 Qxf2 18. cxd5 Qxa2 19. d6 Bf5 20. e4 Be6 21. Bg3 Rf3 22. Qc2 Qa3+ 23. Kd2 Raf8 24. Rge1 Bc4 25. Rb1 Rf2+ 26. Bxf2 Rxf2+ 27. Kd1 Rxc2 28. Kxc2 Qa2+ 29. Kc1 Bd3 30. Rb2 Qa1+ 31. Kd2 Qxb2+ 32. Kxd3 Qb5+ 33. Kc2 Qxe5 34. d7 Qxh2+ 35. Kb3 Qc7 36. Rd1 Qd8 37. e5 Kf7 0-1

[Event "Stare Mesto op"]
[Site "Stare Mesto"]
[Date "2005.08.18"]
[Round "8"]
[White "Freyberg, Dominic"]
[Black "Schulz, Joern"]
[Result "1/2-1/2"]
[WhiteElo "2151"]
[BlackElo "2290"]
[PlyCount "25"]
[EventDate "2005.08.12"]
[EventType "swiss"]
[EventRounds "9"]
[EventCountry "CZE"]
[SourceTitle "EXT 2006"]
[Source "ChessBase"]
[SourceDate "2005.11.24"]
[SourceVersion "1"]
[SourceVersionDate "2005.11.24"]
[SourceQuality "1"]

1. e4 c5 2. b4 cxb4 3. a3 bxa3 4. Bxa3 Nc6 5. d4 d5 6. e5 g6 7. f4 h5 8. Nf3 Bg4 9. c3 Bh6 10. h3 Bc8 11. Qd2 Na5 12. Bb5+ Bd7 13. Qe2 1/2-1/2

[Event "Berlin op 03"]
[Site "Berlin"]
[Date "2005.03.30"]
[Round "5"]
[White "Kachibadze, Georg"]
[Black "Freyberg, Dominic"]
[Result "0-1"]
[WhiteElo "1852"]
[BlackElo "2017"]
[PlyCount "44"]
[EventDate "2005.03.25"]
[EventType "swiss"]
[EventRounds "9"]
[EventCountry "GER"]
[SourceTitle "EXT 2007"]
[Source "ChessBase"]
[SourceDate "2006.11.23"]
[SourceVersion "1"]
[SourceVersionDate "2006.11.23"]
[SourceQuality "1"]

1. e4 c5 2. Nf3 Nc6 3. d4 cxd4 4. Nxd4 Nf6 5. Nc3 e5 6. Ndb5 d6 7. Bg5 a6 8. Na3 b5 9. Bxf6 gxf6 10. Nd5 Bg7 11. g3 0-0 12. Ne3 Rb8 13. Bg2 Ne7 14. c3 f5 15. exf5 Nxf5 16. Nac2 Nxe3 17. Nxe3 f5 18. Qd5+ Kh8 19. Rd1 f4 20. Nc2 Bb7 21. Qxb7 Rxb7 22. Bxb7 Qb6 0-1